Hernando de Soto : el centauro de las Indias /

Esta es una biografía del conquistador español Hernando de Soto, quien ocupó el cargo de gobernador de Cuba y recibió el derecho de conquistar la Florida, en sus expediciones viajó por Estados Unidos y se dice que fue el primer hombre blanco en cruzar el Mississippi.

Guardado en:
Detalles Bibliográficos
Autor principal: Blanco Castilla, F. (autor)
Formato: Libro
Idioma:Español
Temas:
Etiquetas: Agrega una etiqueta
Sin etiquetas, Sé el primero en etiquetar este registro!

MARC

LEADER 00000nam^a2200000^a^4500
001 000128380
005 20250521000000.0
009 20260310094834.262
037 |a Acervo ITESO - Biblioteca 
041 |a ESP 
082 |a 972. 03  |b BLA 
100 |a Blanco Castilla, F.  |e (autor) 
245 1 0 |a Hernando de Soto :  |b el centauro de las Indias /  |c F. Blanco Castilla. 
264 |a Madrid, España :  |b Carrera del Castillo, 
300 |a 358 p. 
336 |a texto  |b txt  |2 rdacontenido 
337 |a sin mediación  |b n  |2 rdamedio 
338 |a volumen  |b nc  |2 rdasoporte 
520 |a Esta es una biografía del conquistador español Hernando de Soto, quien ocupó el cargo de gobernador de Cuba y recibió el derecho de conquistar la Florida, en sus expediciones viajó por Estados Unidos y se dice que fue el primer hombre blanco en cruzar el Mississippi. 
649 |a XX 
650 |a Conquistadores Españoles -  |x Biografías 
650 |a Exploradores y Viajeros Españoles -  |x Biografías 
650 |a Descubrimientos Geográficos -  |z EUA 
650 |a Geografía -  |z EUA -  |x Historia 
650 |a Viajes y Travesías -  |z Florida, EUA 
650 |a Viajes y Travesías -  |z EUA 
650 |a México -  |x Historia -  |y Siglo XVI 
650 |a México -  |x Historia -  |y Virreinato, 1535-1821 
650 |a México -  |x Historia -  |y Epoca Colonial, 1517-1821 
650 |a Florida, EUA -  |x Historia -  |y Siglo XVI 
650 |a Florida, EUA -  |x Historia -  |y Descubrimiento y Conquista, 1497-1607 
650 |a EUA -  |x Historia -  |y Siglo XVI 
650 |a EUA -  |x Historia -  |y Descubrimiento y Conquista, 1497-1607 
650 |a Soto, Hernando de 
910 |a Fondo Salvador Reynoso Reynoso 
920 |a Impresos - Libros 
930 |a Fondos Especiales 
905 |a 112 
901 |a 0800010260  |b IT2  |c ESP  |u 20250521 
902 |a https://opac.biblio.iteso.mx/vufind/Record/000128380